000 00949cam a2200253 a 4500
001 000001386
005 20250610103125.0
008 750515s1975 sp a b 000 0 spa
010 _a75505928
020 _a8425409802
040 _aDO-SdBNP
_bspa
_cBNPHU
082 _a311.2
_bD673m
100 1 _aDoménech Massons, José M.
_94640
245 1 0 _aMétodos estadísticos para la investigación en ciencias humanas /
_cJosé M. Domenech Massons ; prólogo de J. Torrens-Ibern.
260 _aBarcelona :
_bEditorial Herder,
_c1975.
300 _a450 p. :
_bil. ;
_c25 cm.
490 1 _aTemas fundamentales de psicologia
_v1
_aTratados y monografías
504 _aBibliografía: p. 449-450.
650 0 _aPsicometría
_94641
650 4 _aEstadística
_xMétodos
_94642
650 4 _aCiencias sociales
_xEstadísticas
_94643
700 1 _aTorrens-Ibern, J.
_eprol.
_94644
830 0 _aTemas fundamentales de psicologia
_btratados y monografías
_n1
_94645
999 _c1309
_d1309